Statistics for Top 11 English Soccer Leagues

Click here to take the quiz!

General Stats

  • This quiz has been taken 61 times
  • The average score is 5 of 11

Answer Stats

PlaceLeague% Correct
1Premier League
100%
2EFL Championship
89%
3EFL League One
67%
4EFL League Two
67%
5National League
49%
6National League North
42%
7National League South
42%
11Isthmian League Premier Division
16%
8Northern Premier League Premier Division
16%
9Southern League Central Division
4%
10Southern League South Division
4%

Score Distribution

Percentile by Number Answered

Percent of People with Each Score

Your Score History

You have not taken this quiz